Ghost in th Wires / (Record no. 592544)
[ view plain ]
| 000 -LEADER | |
|---|---|
| fixed length control field | 00508nam a22001577a 4500 |
| 003 - CONTROL NUMBER IDENTIFIER | |
| control field | NUST |
| 005 - DATE AND TIME OF LATEST TRANSACTION | |
| control field | 20221201094025.0 |
| 020 ## - INTERNATIONAL STANDARD BOOK NUMBER | |
| International Standard Book Number | 9780316212182 |
| 082 ## - DEWEY DECIMAL CLASSIFICATION NUMBER | |
| Classification number | 364.168092,MIT |
| 100 ## - MAIN ENTRY--PERSONAL NAME | |
| Personal name | Mitnick, Kevin |
| 9 (RLIN) | 103860 |
| 245 ## - TITLE STATEMENT | |
| Title | Ghost in th Wires / |
| Statement of responsibility, etc. | Kevin Mitnick |
| 260 ## - PUBLICATION, DISTRIBUTION, ETC. | |
| Place of publication, distribution, etc. | Back Bay Books |
| Name of publisher, distributor, etc. | New York |
| Date of publication, distribution, etc. | 2011 |
| 300 ## - PHYSICAL DESCRIPTION | |
| Extent | 547 p |
| 505 ## - FORMATTED CONTENTS NOTE | |
| Formatted contents note | Part I: The making of a hacker (Page-3), Part II: Eric (Page-147), Part III: On the run (Page-289), Part IV: An end and a beginning (Page-427), |
| 942 ## - ADDED ENTRY ELEMENTS (KOHA) | |
| Source of classification or shelving scheme | |
| Koha item type | Book |
| Withdrawn status | Lost status | Source of classification or shelving scheme | Damaged status | Not for loan | Permanent Location | Current Location | Shelving location | Date acquired | Total Checkouts | Full call number | Barcode | Date last seen | Date last checked out | Price effective from | Koha item type | Public note |
|---|---|---|---|---|---|---|---|---|---|---|---|---|---|---|---|---|
| Military College of Signals (MCS) | Military College of Signals (MCS) | General Stacks | 12/01/2022 | 4 | 364.168092,MIT | MCS38369 | 06/04/2025 | 01/28/2025 | 12/01/2022 | Book | Almirah Fresh No.44, Shelf No.3 |
